000 01306nam a2200265 i 4500
001 184581
003 ES-MaACL
005 20250924140134.0
008 151023m19071913sp |||| | spa d
245 0 0 _aDocumentos correspondientes al reinado de Sancho Ramírez :
_bdocumentos reales procedentes de la Real Casa y Monasterio de San Juan de la Peña /
_ctranscripción, prólogo y notas de José Salarrullana y de Dios.
260 _a[S.l.] :
_b[s.n.],
_c[1907-1913] (
_eZaragoza :
_fM. Escar, Tip)
300 _a2 v. ;
_c22 cm.
490 1 _aColección de documentos para el estudio de la historia de Aragón ;
_v3, 9
546 _aTextos en latín; prólogos en español.
594 _aVol. 2, transcripción, prólogo y notas de Eduardo Ibarra y Rodríguez.
596 _aVol. 2 impreso por: Pedro Carra.
610 0 4 _aMonasterio de San Juan de la Peña-
_xHistoria.
_95746
651 4 _aAragón (Reino)-
_xHistoria-
_y1063-1094, Sancho I-
_vFuentes.
_9157999
700 1 _aSalarrullana de Dios, José.
_9158000
700 1 _aIbarra y Rodríguez, Eduardo,
_d1866-1944
_964967
830 0 0 _aColección de documentos para el estudio de la historia de Aragón
_v3, 9
_9192177
852 _aES-MaACL
_jC-2173
_z.- Vol. 3
852 _aES-MaACL
_jC-2178
_z.- Vol. 9
999 _c184581
_d184581